Giải pháp phát triển hệ thống phân phối bán lẻ trên địa bàn thành phố Cà Mau : Luận văn Tốt nghiệp Cao học. Chuyên ngành Quản trị kinh doanh
Đề tài phân tích thực trạng hệ thống bán lẻ trên địa bàn thành phố Cà Mau, các nhân tố ảnh hưởng đến kết quả của hệ thống bán lẻ và đề xuất một số giải pháp phát triển hệ thống thương mại bán lẻ trên địa bàn thành phố Cà Mau tro...
Kaydedildi:
| Yazar: | |
|---|---|
| Materyal Türü: | Kitap |
| Dil: | Undetermined |
| Baskı/Yayın Bilgisi: |
Cần Thơ
Trường Đại học Cần Thơ
2014
|
| Konular: | |
| Etiketler: |
Etiketle
Etiket eklenmemiş, İlk siz ekleyin!
|
| Thư viện lưu trữ: | Trung tâm Học liệu Trường Đại học Cần Thơ |
|---|
| LEADER | 01222nam a2200217Ia 4500 | ||
|---|---|---|---|
| 001 | CTU_196175 | ||
| 008 | 210402s9999 xx 000 0 und d | ||
| 082 | |a 658.8 | ||
| 082 | |b D556 | ||
| 088 | |a 60340102 | ||
| 100 | |a Lê, Thanh Dững | ||
| 245 | 0 | |a Giải pháp phát triển hệ thống phân phối bán lẻ trên địa bàn thành phố Cà Mau : | |
| 245 | 0 | |b Luận văn Tốt nghiệp Cao học. Chuyên ngành Quản trị kinh doanh | |
| 245 | 0 | |c Lê Thanh Dững ; Lê Nguyễn Đoan Khôi (Cán bộ hướng dẫn) | |
| 260 | |a Cần Thơ | ||
| 260 | |b Trường Đại học Cần Thơ | ||
| 260 | |c 2014 | ||
| 520 | |a Đề tài phân tích thực trạng hệ thống bán lẻ trên địa bàn thành phố Cà Mau, các nhân tố ảnh hưởng đến kết quả của hệ thống bán lẻ và đề xuất một số giải pháp phát triển hệ thống thương mại bán lẻ trên địa bàn thành phố Cà Mau trong thời gian tới. | ||
| 650 | |a Thị trường,Markets | ||
| 910 | |a Hải | ||
| 980 | |a Trung tâm Học liệu Trường Đại học Cần Thơ | ||